| 000 | 00515nam a22002057a 4500 | ||
|---|---|---|---|
| 003 | OSt | ||
| 020 | _a9789384568290 | ||
| 082 |
_a630 _bGOP/AD |
||
| 100 | _aGopal Sharma | ||
| 245 | _aAdvances in plant biotechnology | ||
| 260 |
_aJaipur _bAgrotech Press _c2015 |
||
| 300 | _aviii, 272p. | ||
| 546 | _aEnglish | ||
| 650 | _aTransgenic Plants | ||
| 650 | _aNutritional value of food crops | ||
| 650 | _aClimate change Mitigation | ||
| 650 | _aHalotolerance | ||
| 650 | _aPlant Pathology | ||
| 942 |
_2ddc _cBK |
||
| 999 |
_c157285 _d157285 |
||